[Event "M7 "]
[Site "Koge"]
[Date "2004.??.??"]
[Round "5"]
[White "Stovring, Claus"]
[Black "Glibstrup, Michael"]
[Result "0-1"]
[WhiteElo "2035"]
[BlackElo "1905"]
[PlyCount "48"]
[EventDate "2004.04.06"]
[EventType "swiss"]
[EventRounds "7"]
[EventCountry "DEN"]

1. d4 Nf6 2. Nc3 g6 3. e4 d6 4. Be2 Bg7 5. h4 h5 6. Bg5 c6 7. Qd2 b5 8. Bf3 Qb6
9. O-O-O Nbd7 10. Kb1 a5 11. Nh3 a4 12. Rhe1 b4 13. Ne2 Bb7 14. Nef4 e5 15. Nd3
Qxd4 16. Be3 Qc4 17. Nxb4 c5 18. Nd5 Bxd5 19. exd5 Rb8 20. Be2 Qxh4 21. Bg5 Qd4
22. Qxd4 cxd4 23. f4 Nxd5 24. Bc4 Nc3+ 0-1

[Event "M7 "]
[Site "Koge"]
[Date "2004.??.??"]
[Round "6"]
[White "Christensen, Henrik"]
[Black "Skovgaard, Peter Nicolai"]
[Result "0-1"]
[WhiteElo "1916"]
[BlackElo "1916"]
[PlyCount "96"]
[EventDate "2004.04.06"]
[EventType "swiss"]
[EventRounds "7"]
[EventCountry "DEN"]

1. e4 c5 2. Nf3 e6 3. d4 cxd4 4. Nxd4 a6 5. Nc3 b5 6. Bd3 Qb6 7. Nf3 Qc7 8. O-O
Bb7 9. Bg5 Nf6 10. a3 d6 11. Nd2 Nbd7 12. f4 Be7 13. Qe2 O-O 14. Rae1 e5 15. f5
Nc5 16. Nf3 Nxd3 17. cxd3 a5 18. Bxf6 Bxf6 19. g4 b4 20. axb4 axb4 21. Nd1 Be7
22. g5 f6 23. h4 Rfc8 24. Ne3 Qd7 25. Ng4 b3 26. Qg2 Rc2 27. Qg3 Kh8 28. g6
Rxb2 29. Rb1 Raa2 30. Rxb2 Rxb2 31. h5 h6 32. Ne3 Ba6 33. Ra1 Ra2 34. Rb1 b2
35. Qg2 Bxd3 36. Rxb2 Rxb2 37. Qxb2 Bxe4 38. Nd2 Bb7 39. Ndc4 Qc6 40. Qb6 Qxb6
41. Nxb6 Bd8 42. Nbd5 Ba5 43. Ne7 Bb6 44. Kf2 d5 45. Ke2 Bxe3 46. Kxe3 d4+ 47.
Kf2 e4 48. Ke2 e3 0-1

[Event "M7 "]
[Site "Koge"]
[Date "2004.??.??"]
[Round "6"]
[White "Molvig, Henrik"]
[Black "Madsen, Poul Henrik"]
[Result "1-0"]
[WhiteElo "2184"]
[BlackElo "1987"]
[PlyCount "65"]
[EventDate "2004.04.06"]
[EventType "swiss"]
[EventRounds "7"]
[EventCountry "DEN"]

1. d4 d5 2. c4 c6 3. Nf3 Nf6 4. Nc3 a6 5. e3 Bg4 6. h3 Bxf3 7. Qxf3 e6 8. Bd3
Nbd7 9. O-O Bd6 10. e4 dxe4 11. Nxe4 Nxe4 12. Qxe4 Nf6 13. Qf3 Bc7 14. Be3 Qd6
15. g3 O-O 16. Rfd1 h6 17. Bxh6 Rfd8 18. Bg5 Qe7 19. Bf1 Rd7 20. Rd3 Rad8 21.
Rad1 Bb6 22. Qf4 Rxd4 23. Rxd4 Rxd4 24. Rxd4 e5 25. Bxf6 gxf6 26. Qg4+ Kf8 27.
Rd7 Qc5 28. Qf3 e4 29. Qxf6 Qh5 30. Qe7+ Kg7 31. Qxe4 Bxf2+ 32. Kxf2 Qc5+ 33.
Qd4+ 1-0

[Event "M7 "]
[Site "Koge"]
[Date "2004.??.??"]
[Round "6"]
[White "Auchenberg, Per"]
[Black "Andersen, Rune"]
[Result "1-0"]
[WhiteElo "1987"]
[BlackElo "2018"]
[PlyCount "55"]
[EventDate "2004.04.06"]
[EventType "swiss"]
[EventRounds "7"]
[EventCountry "DEN"]

1. f4 c5 2. b3 Nc6 3. Nf3 d5 4. e3 f6 5. Bb5 Bg4 6. Bxc6+ bxc6 7. Bb2 e6 8. O-O
Bd6 9. Qe1 Nh6 10. d3 Qc7 11. Nbd2 O-O 12. Qh4 Rae8 13. a4 e5 14. fxe5 fxe5 15.
e4 Rf4 16. Qg3 Bc8 17. h3 Re6 18. Nh4 Qe7 19. Nf5 Nxf5 20. exf5 Rxf1+ 21. Rxf1
Rf6 22. Qg5 Qf8 23. g4 c4 24. bxc4 Qd8 25. Qe3 Qa5 26. Nb3 Qc7 27. c5 Bxc5 28.
Nxc5 1-0

[Event "M7 "]
[Site "Koge"]
[Date "2004.??.??"]
[Round "6"]
[White "Glibstrup, Michael"]
[Black "Bering, Anders"]
[Result "1/2-1/2"]
[WhiteElo "1905"]
[BlackElo "2014"]
[PlyCount "55"]
[EventDate "2004.04.06"]
[EventType "swiss"]
[EventRounds "7"]
[EventCountry "DEN"]

1. Nf3 d5 2. d4 Nf6 3. c4 e6 4. Nc3 dxc4 5. e3 a6 6. Bxc4 b5 7. Bd3 Bb7 8. O-O
c5 9. a3 Nbd7 10. Re1 Rc8 11. e4 cxd4 12. Nxd4 Ne5 13. Be2 Bc5 14. Nb3 Qxd1 15.
Bxd1 Bb6 16. Be3 Bxe3 17. Rxe3 Nc4 18. Re2 Nxb2 19. Nxb5 axb5 20. Rxb2 Nxe4 21.
Nd4 Nc3 22. Nxb5 Nxb5 23. Rxb5 Bd5 24. a4 Ke7 25. a5 Rc7 26. f3 Ra8 27. Kf2 Ra6
28. Be2 1/2-1/2

[Event "M7 "]
[Site "Koge"]
[Date "2004.??.??"]
[Round "6"]
[White "Nilsson, Nils Specht"]
[Black "Stovring, Claus"]
[Result "1-0"]
[WhiteElo "2074"]
[BlackElo "2035"]
[PlyCount "51"]
[EventDate "2004.04.06"]
[EventType "swiss"]
[EventRounds "7"]
[EventCountry "DEN"]

1. e4 e5 2. f4 d5 3. exd5 Qxd5 4. Nc3 Qa5 5. Bc4 Bc5 6. Qh5 Bf2+ 7. Kf1 Nh6 8.
Qxe5+ Qxe5 9. fxe5 Bxg1 10. Kxg1 Nc6 11. d3 Nf5 12. Bb5 Bd7 13. Kf2 Ncd4 14.
Bxd7+ Kxd7 15. Bf4 Nxc2 16. Rac1 Nb4 17. Rhd1 h6 18. g4 Nd4 19. Ke3 Ne6 20. a3
Nc6 21. d4 Nxf4 22. Kxf4 Rae8 23. h4 Rhf8 24. b4 Kc8 25. Ne4 Nd8 26. Nd6+ 1-0

[Event "M7 "]
[Site "Koge"]
[Date "2004.??.??"]
[Round "7"]
[White "Stovring, Claus"]
[Black "Molvig, Henrik"]
[Result "1/2-1/2"]
[WhiteElo "2035"]
[BlackElo "2184"]
[PlyCount "133"]
[EventDate "2004.04.06"]
[EventType "swiss"]
[EventRounds "7"]
[EventCountry "DEN"]

1. e4 c5 2. Nf3 d6 3. Bb5+ Nd7 4. O-O Ngf6 5. e5 dxe5 6. Nxe5 e6 7. d4 Be7 8.
dxc5 O-O 9. Nxd7 Bxd7 10. Bxd7 Nxd7 11. c6 bxc6 12. Nc3 Qc7 13. Ne4 Rfd8 14.
Qh5 Nf6 15. Nxf6+ Bxf6 16. c3 Rd5 17. Qe2 Rad8 18. Be3 Qb7 19. Rac1 g6 20. b3
Rd3 21. c4 Qd7 22. Qf3 Bg5 23. h3 f5 24. Qg3 Bxe3 25. fxe3 Qd6 26. Qg5 Qe5 27.
Rce1 R8d7 28. h4 Rd2 29. Rf2 Qe4 30. h5 Rxf2 31. Kxf2 Kg7 32. Re2 Qe5 33. hxg6
hxg6 34. Qf4 Qa1 35. Qb8 Rd1 36. Qxa7+ Kf6 37. Qc5 Rf1+ 38. Kg3 Qb1 39. Qf8+
Kg5 40. Qd8+ Kh6 41. Qd4 Kh7 42. c5 Rd1 43. Rd2 Rxd2 44. Qxd2 e5 45. Kh2 e4 46.
Kg3 Qa1 47. b4 Kh6 48. Kf2 Kg5 49. b5 cxb5 50. c6 Qe5 51. Qd8+ Kg4 52. Qd1+ Kh4
53. Qh1+ Kg5 54. Qc1 Qc7 55. Qc2 Kh4 56. Qc3 b4 57. Qxb4 Qxc6 58. g3+ Kg4 59.
Qd2 Qa4 60. Kg2 Qa3 61. Qf2 Kg5 62. Kh3 Kf6 63. g4 Ke6 64. g5 Qa7 65. Qe2 Qh7+
66. Kg3 Qh1 67. Qc4+ 1/2-1/2

[Event "M7 "]
[Site "Koge"]
[Date "2004.??.??"]
[Round "7"]
[White "Madsen, Poul Henrik"]
[Black "Andersen, Rune"]
[Result "1-0"]
[WhiteElo "1987"]
[BlackElo "2018"]
[PlyCount "121"]
[EventDate "2004.04.06"]
[EventType "swiss"]
[EventRounds "7"]
[EventCountry "DEN"]

1. d4 d5 2. Nf3 Nf6 3. e3 e6 4. Bd3 c5 5. b3 cxd4 6. exd4 Nc6 7. O-O Bd6 8. Bg5
h6 9. Bh4 g5 10. Bg3 Bxg3 11. fxg3 Ne4 12. Nbd2 f5 13. Bb5 Nc3 14. Bxc6+ bxc6
15. Qe1 O-O 16. Qe3 Ne4 17. Ne5 Ba6 18. Nxe4 fxe4 19. Rxf8+ Qxf8 20. c4 Qg7 21.
Rf1 Rf8 22. Rxf8+ Qxf8 23. Nxc6 Qa3 24. h4 Qxa2 25. hxg5 Qb1+ 26. Kh2 Qd1 27.
gxh6 Qh5+ 28. Kg1 Qd1+ 29. Kf2 Qc2+ 30. Ke1 Qb1+ 31. Ke2 Qc2+ 32. Ke1 Qb1+ 33.
Kf2 Qc2+ 34. Qe2 Qxe2+ 35. Kxe2 dxc4 36. bxc4 Bxc4+ 37. Ke3 a6 38. g4 Bd5 39.
Nb4 a5 40. Nc2 a4 41. g5 Kh7 42. Kd2 Bb3 43. Na3 Kg6 44. Nb5 Bc4 45. Na3 Bf1
46. g3 Bh3 47. Ke3 Bf5 48. Kf4 Kf7 49. d5 Bg6 50. d6 Ke8 51. Nc4 Bh7 52. Ke3
Kd8 53. Kd2 Bf5 54. g4 Bg6 55. Kc3 Bh7 56. Kb4 Kd7 57. Kxa4 e3 58. Nxe3 Kxd6
59. Ng2 e5 60. Nh4 Bc2+ 61. Ka3 1-0

[Event "M7 "]
[Site "Koge"]
[Date "2004.??.??"]
[Round "7"]
[White "Skovgaard, Peter Nicolai"]
[Black "Larsen, Peter"]
[Result "1/2-1/2"]
[WhiteElo "1916"]
[BlackElo "2213"]
[PlyCount "113"]
[EventDate "2004.04.06"]
[EventType "swiss"]
[EventRounds "7"]
[EventCountry "DEN"]

1. e4 c5 2. Nf3 d6 3. d4 cxd4 4. Nxd4 Nf6 5. Nc3 g6 6. Be3 Bg7 7. f3 O-O 8. Qd2
Nc6 9. Bc4 Bd7 10. O-O-O Qa5 11. g4 Ne5 12. Bb3 Rfc8 13. Kb1 Rxc3 14. Qxc3 Qxc3
15. bxc3 Be8 16. h4 Rc8 17. Kb2 Nfd7 18. Bg5 Kf8 19. h5 h6 20. Bc1 g5 21. Rdg1
Nb6 22. f4 gxf4 23. Bxf4 Nec4+ 24. Kc1 e5 25. Bxh6 exd4 26. Bxg7+ Kxg7 27. cxd4
Na5 28. g5 Nxb3+ 29. axb3 Rc7 30. Rh4 Nc8 31. Kd2 Rc6 32. d5 Rc7 33. c4 b5 34.
g6 fxg6 35. hxg6 Bxg6 36. Rhg4 Ne7 37. e5 dxe5 38. d6 Rd7 39. c5 Kf6 40. Kc1
Bf5 41. dxe7 Rxe7 42. Rh4 e4 43. Rh6+ Ke5 44. Rh5 e3 45. Rgg5 e2 46. Rxf5+ Kd4
47. Rh4+ Re4 48. Rxe4+ Kxe4 49. Kd2 Kxf5 50. b4 Ke5 51. Kxe2 Kd5 52. Kd3 a5 53.
bxa5 Kxc5 54. Kc3 b4+ 55. Kb3 Kb5 56. a6 Kxa6 57. Kxb4 1/2-1/2

[Event "M7 "]
[Site "Koge"]
[Date "2004.??.??"]
[Round "7"]
[White "Nilsson, Nils Specht"]
[Black "Auchenberg, Per"]
[Result "1-0"]
[WhiteElo "2074"]
[BlackElo "1987"]
[PlyCount "69"]
[EventDate "2004.04.06"]
[EventType "swiss"]
[EventRounds "7"]
[EventCountry "DEN"]

1. e4 e5 2. f4 exf4 3. Nf3 d6 4. d4 g5 5. Bc4 Bg7 6. O-O Nc6 7. c3 h6 8. Qb3
Qe7 9. g3 g4 10. Nh4 f3 11. Nf5 Qf6 12. Bf4 Nge7 13. Nxg7+ Qxg7 14. Nd2 O-O 15.
Bd3 Ng6 16. Kh1 Nxf4 17. gxf4 Qf6 18. f5 Kh8 19. Rg1 Rg8 20. Rg3 Ne7 21. Rag1
h5 22. e5 dxe5 23. dxe5 Qh6 24. Qxf7 Nxf5 25. Bxf5 Bxf5 26. Qxf5 Raf8 27. Qc2
f2 28. Rf1 h4 29. Rg2 g3 30. Ne4 Rf4 31. Qd2 Rg6 32. Nf6 Rfxf6 33. Qxh6+ Rxh6
34. exf6 Rxf6 35. hxg3 1-0

[Event "M7 "]
[Site "Koge"]
[Date "2004.??.??"]
[Round "7"]
[White "Christensen, Henrik"]
[Black "Bering, Anders"]
[Result "1/2-1/2"]
[WhiteElo "1916"]
[BlackElo "2014"]
[PlyCount "75"]
[EventDate "2004.04.06"]
[EventType "swiss"]
[EventRounds "7"]
[EventCountry "DEN"]

1. e4 c5 2. Nf3 d6 3. d4 cxd4 4. Qxd4 Nc6 5. Bb5 Bd7 6. Bxc6 Bxc6 7. Nc3 Nf6 8.
Bg5 e6 9. O-O-O Be7 10. Rhe1 Qc7 11. Kb1 h6 12. Bc1 Rc8 13. h3 b5 14. g4 a5 15.
g5 hxg5 16. Nxg5 b4 17. Ne2 Bxe4 18. Nxe4 Qxc2+ 19. Ka1 Qxe4 20. Qa7 Qa8 21.
Qe3 Nd5 22. Qg3 g6 23. Nd4 Kd7 24. Qg4 Rh4 25. Qe2 Rc5 26. Nxe6 fxe6 27. Qxe6+
Kc6 28. Rxd5 Rxd5 29. Qxe7 Rhd4 30. Qe2 Qb8 31. Be3 Qb5 32. Rc1+ Rc5 33. Qf3+
Rdd5 34. Bxc5 dxc5 35. Qe4 Qd3 36. Qe6+ Kb7 37. Qe7+ Kc6 38. Qe6+ 1/2-1/2